Suscripción de la Academia de Bellas Letras a la estatua de Don Andrés Bello
Збережено в:
| Автори: | , , , |
|---|---|
| Інші автори: | , |
| Формат: | Книга |
| Мова: | Іспанська |
| Опубліковано: |
Santiago
Imprenta de la Librería del Mercurio
1874
|
| Редагування: | 1a. ed |
| Предмети: | |
| Теги: |
Додати тег
Немає тегів, Будьте першим, хто поставить тег для цього запису!
|
MARC
| LEADER | 00000nam a2200000 a 4500 | ||
|---|---|---|---|
| 001 | UCJ4318 | ||
| 003 | CL-VaPUC | ||
| 005 | 20250331121638.0 | ||
| 008 | 070124e18740000CL |||||||||||||||||spa|d | ||
| 999 | |c 320434 |d 320432 | ||
| 040 | |c Pontificia Universidad Católica de Valparaíso | ||
| 082 | 0 | 4 | |a 928 |b BEL |2 21 |
| 100 | 0 | |a Amunátegui, Miguel Luis |e author |9 506140 | |
| 245 | 1 | 0 | |a Suscripción de la Academia de Bellas Letras a la estatua de Don Andrés Bello |
| 250 | |a 1a. ed | ||
| 260 | |a Santiago |b Imprenta de la Librería del Mercurio |c 1874 | ||
| 300 | |a 375 p | ||
| 583 | |a last modification |c 20190729 02:25:19 |k Rodrigo Vera | ||
| 600 | 0 | 7 | |a BELLO, ANDRES |2 CL-VaPUC |9 507758 |
| 600 | 0 | 7 | |a VALLEJO, JOSE JOAQUIN |2 CL-VaPUC |9 420325 |
| 600 | 0 | |a Pinto Díaz, Francisco Antonio, |c Presidente de Chile |d 1785-1858 |9 897758 | |
| 600 | 0 | 7 | |a GARCIA MORENO, GABRIEL |2 CL-VaPUC |9 437766 |
| 600 | 0 | 7 | |a MATTA, FRANCISCO DE PAULA |2 CL-VaPUC |9 506010 |
| 650 | 7 | |a BIOGRAFIA |2 CL-VaPUC |9 504622 | |
| 650 | 7 | |a HOMENAJE |2 CL-VaPUC |9 333787 | |
| 650 | 0 | |a Crítica literaria |9 269189 | |
| 650 | 0 | |a Poesía |9 265825 | |
| 650 | 0 | |a Gramática |9 270497 | |
| 650 | 0 | |a Historiografía |9 257871 | |
| 651 | 7 | |a CHILE |2 CL-VaPUC |9 507759 | |
| 651 | 0 | |a México |9 255269 | |
| 651 | 7 | |a CUBA |2 CL-VaPUC |9 255263 | |
| 700 | 0 | |a Arteaga Alemparte, Domingo |e author |9 506651 | |
| 700 | 0 | |a Barros Arana, Diego Jacinto Agustín |e author |9 507756 | |
| 700 | 0 | |a Astaburuaga, Francisco Solano |e author |9 507757 | |
| 700 | |a Gallo Goyenechea, Pedro León |e autor |9 516129 | ||
| 700 | |a Matta, Manuel Antonio |e autor |9 863887 | ||
| 942 | |c BK |2 ddc | ||
| 945 | |d 20070124 00:00:00 |a rinostro | ||
| 952 | |0 0 |1 0 |4 0 |6 928_000000000000000_BEL_1874 |7 0 |8 X |9 398954 |a FDOBUD |b FDOBUD |d 2019-11-22 |i 1016830 |o 928 BEL 1874 |p 1016830 |r 2019-11-22 |w 2019-11-22 |y BK_X |k BUD | ||